Loading...
| History - European History | 0 | 3 | 0 | 1 | 30 | 66 | 94.00 | 0 | 3 |
| Mythology | 0 | 3 | 0 | 0 | 30 | 66 | 109.33 | 0 | 3 |
| Social Science | 0 | 2 | 0 | 0 | 20 | 103 | 103.50 | 0 | 2 |
| Science - Biology | 0 | 2 | 0 | 0 | 20 | 86 | 93.50 | 2 | 2 |
| Literature - British Literature | 0 | 1 | 0 | 0 | 10 | 107 | 107.00 | 1 | 1 |
| Fine Arts - Other Fine Arts | 0 | 1 | 0 | 0 | 10 | 119 | 119.00 | 1 | 1 |
| History - Other History | 0 | 1 | 0 | 1 | 10 | 121 | 121.00 | 0 | 1 |
| History - World History | 0 | 1 | 0 | 1 | 10 | 130 | 130.00 | 0 | 1 |
| Pop Culture | 0 | 1 | 0 | 1 | 10 | 142 | 142.00 | 0 | 1 |
| Religion | 0 | 0 | 0 | 0 | 0 | 0.00 | 0 | 0 | |
| Literature - American Literature | 0 | 0 | 0 | 0 | 0 | 0.00 | 0 | 0 | |
| Fine Arts - Visual Fine Arts | 0 | 0 | 1 | 0 | -5 | 0.00 | 0 | 0 | |
| Literature - European Literature | 0 | 0 | 1 | 0 | -5 | 0.00 | 0 | 0 | |
| Fine Arts - Auditory Fine Arts | 0 | 0 | 2 | 0 | -10 | 0.00 | 0 | 0 |